000 01027nam a2200253Ia 4500
003 OSt
005 20220923214839.0
006 a|||||r|||| 00| 0
007 ta
008 220922b |||||||| |||| 00| 0 hin d
024 _a173,291
037 _cTextual
040 _aARTS
_cARTS
_bhin
041 _2hin
_ahin
082 _aO152,6vN5, L5
100 _aसोमवणे, चंद्रधानु सीताराम
_9163447
245 0 _aहिन्दी गद्य साहित्य
_b आर्यसमाज की हिन्दी गद्य साहित्य की देन
246 _aHindī gadya sāhitya: āryasamāj kī hindī gadya sāhitya kī dena
260 _aकानपुर
_b ग्रंथम प्रका0
_c1975
300 _a197पृ.
_ccm.
650 _aहिन्दी साहित्य
_9156264
942 _hO152,6vN5, L5
_cTEXL
_2CC
999 _c327198
_d327198